<?xml version="1.0" encoding="UTF-8"?>
<record
    xmlns:xsi="http://www.w3.org/2001/XMLSchema-instance"
    xsi:schemaLocation="http://www.loc.gov/MARC21/slim http://www.loc.gov/standards/marcxml/schema/MARC21slim.xsd"
    xmlns="http://www.loc.gov/MARC21/slim">

  <leader>00635nam a22001337a 4500</leader>
  <datafield tag="040" ind1=" " ind2=" ">
    <subfield code="c">RUA</subfield>
  </datafield>
  <datafield tag="082" ind1=" " ind2=" ">
    <subfield code="a">VEM TEN 2015 B525 Or.1</subfield>
  </datafield>
  <datafield tag="100" ind1=" " ind2=" ">
    <subfield code="a">TENG DARA; &#x178F;&#x17C1;&#x1784; &#x178F;&#x17B6;&#x179A;&#x17B6;</subfield>
  </datafield>
  <datafield tag="245" ind1=" " ind2=" ">
    <subfield code="a">Survey on native chickens diseases in doung som arth farm at dangkor district, phnom penh; &#x17A2;&#x1784;&#x17D2;&#x1780;&#x17C1;&#x178F;&#x1787;&#x17C6;&#x1784;&#x17BA;&#x178A;&#x17C2;&#x179B;&#x1787;&#x17BD;&#x1794;&#x1794;&#x17D2;&#x179A;&#x1791;&#x17C7;&#x1785;&#x17C6;&#x1796;&#x17C4;&#x17C7;&#x1798;&#x17B6;&#x1793;&#x17CB;&#x179F;&#x17D2;&#x179A;&#x17BB;&#x1780;&#x1793;&#x17C5;&#x1780;&#x179F;&#x17B7;&#x178A;&#x17D2;&#x178B;&#x17B6;&#x1793; &#x178C;&#x17BD;&#x1784; &#x179F;&#x17C6;&#x17A2;&#x17B6;&#x178F; &#x1793;&#x17C5;&#x1781;&#x178E;&#x17D2;&#x178C;&#x178A;&#x1784;&#x17D2;&#x1780;&#x17C4; &#x179A;&#x17B6;&#x1787;&#x1792;&#x17B6;&#x1793;&#x17B8;&#x1797;&#x17D2;&#x1793;&#x17C6;&#x1796;&#x17C1;&#x1789;</subfield>
  </datafield>
  <datafield tag="260" ind1=" " ind2=" ">
    <subfield code="a">Phnom Penh</subfield>
    <subfield code="b">RUA</subfield>
    <subfield code="c">2015</subfield>
  </datafield>
  <datafield tag="300" ind1=" " ind2=" ">
    <subfield code="a">viii; 38p;</subfield>
    <subfield code="b">ill;</subfield>
    <subfield code="c">29cm;</subfield>
  </datafield>
  <datafield tag="856" ind1=" " ind2=" ">
    <subfield code="u"> TENG DARA</subfield>
  </datafield>
  <datafield tag="942" ind1=" " ind2=" ">
    <subfield code="c">VEM</subfield>
  </datafield>
  <datafield tag="999" ind1=" " ind2=" ">
    <subfield code="c">10615</subfield>
    <subfield code="d">10615</subfield>
  </datafield>
  <datafield tag="952" ind1=" " ind2=" ">
    <subfield code="0">0</subfield>
    <subfield code="1">0</subfield>
    <subfield code="2">ddc</subfield>
    <subfield code="4">0</subfield>
    <subfield code="6">VEM_TEN_2015_000000000000000_B525_OR_1</subfield>
    <subfield code="7">0</subfield>
    <subfield code="9">55001</subfield>
    <subfield code="a">LBB</subfield>
    <subfield code="b">LBB</subfield>
    <subfield code="c">B525</subfield>
    <subfield code="d">2016-10-31</subfield>
    <subfield code="o">VEM TEN 2015 B525 Or.1</subfield>
    <subfield code="p">A02254</subfield>
    <subfield code="r">2016-10-31</subfield>
    <subfield code="w">2016-10-31</subfield>
    <subfield code="y">VEM</subfield>
  </datafield>
  <datafield tag="952" ind1=" " ind2=" ">
    <subfield code="0">0</subfield>
    <subfield code="1">0</subfield>
    <subfield code="2">ddc</subfield>
    <subfield code="4">0</subfield>
    <subfield code="6">VEM_TEN_2015_000000000000000_B525_OR_2</subfield>
    <subfield code="7">0</subfield>
    <subfield code="9">55002</subfield>
    <subfield code="a">LBB</subfield>
    <subfield code="b">LBB</subfield>
    <subfield code="c">B525</subfield>
    <subfield code="d">2016-10-31</subfield>
    <subfield code="o">VEM TEN 2015 B525 Or.2</subfield>
    <subfield code="p">A02465</subfield>
    <subfield code="r">2016-10-31</subfield>
    <subfield code="w">2016-10-31</subfield>
    <subfield code="y">VEM</subfield>
  </datafield>
  <datafield tag="952" ind1=" " ind2=" ">
    <subfield code="0">0</subfield>
    <subfield code="1">0</subfield>
    <subfield code="2">ddc</subfield>
    <subfield code="4">0</subfield>
    <subfield code="6">VEM_TEN_2015_000000000000000_B525_OR_3</subfield>
    <subfield code="7">0</subfield>
    <subfield code="9">55003</subfield>
    <subfield code="a">LBB</subfield>
    <subfield code="b">LBB</subfield>
    <subfield code="c">B525</subfield>
    <subfield code="d">2016-10-31</subfield>
    <subfield code="o">VEM TEN 2015 B525 Or.3</subfield>
    <subfield code="p">A02305</subfield>
    <subfield code="r">2016-10-31</subfield>
    <subfield code="w">2016-10-31</subfield>
    <subfield code="y">VEM</subfield>
  </datafield>
  <datafield tag="952" ind1=" " ind2=" ">
    <subfield code="0">0</subfield>
    <subfield code="1">0</subfield>
    <subfield code="2">ddc</subfield>
    <subfield code="4">0</subfield>
    <subfield code="6">VEM_TEN_2015_000000000000000_B525_OR_4</subfield>
    <subfield code="7">0</subfield>
    <subfield code="9">55004</subfield>
    <subfield code="a">LBB</subfield>
    <subfield code="b">LBB</subfield>
    <subfield code="c">B525</subfield>
    <subfield code="d">2016-10-31</subfield>
    <subfield code="o">VEM TEN 2015 B525 Or.4</subfield>
    <subfield code="p">A00847</subfield>
    <subfield code="r">2016-10-31</subfield>
    <subfield code="w">2016-10-31</subfield>
    <subfield code="y">VEM</subfield>
  </datafield>
  <datafield tag="952" ind1=" " ind2=" ">
    <subfield code="0">0</subfield>
    <subfield code="1">0</subfield>
    <subfield code="2">ddc</subfield>
    <subfield code="4">0</subfield>
    <subfield code="6">VEM_TEN_2015_000000000000000_B525_OR_5</subfield>
    <subfield code="7">0</subfield>
    <subfield code="9">55005</subfield>
    <subfield code="a">LBB</subfield>
    <subfield code="b">LBB</subfield>
    <subfield code="c">B525</subfield>
    <subfield code="d">2016-10-31</subfield>
    <subfield code="o">VEM TEN 2015 B525 Or.5</subfield>
    <subfield code="p">A02261</subfield>
    <subfield code="r">2016-10-31</subfield>
    <subfield code="w">2016-10-31</subfield>
    <subfield code="y">VEM</subfield>
  </datafield>
  <datafield tag="952" ind1=" " ind2=" ">
    <subfield code="0">0</subfield>
    <subfield code="1">0</subfield>
    <subfield code="2">ddc</subfield>
    <subfield code="4">0</subfield>
    <subfield code="6">VEM_TEN_2015_000000000000000_B525_OR_6</subfield>
    <subfield code="7">0</subfield>
    <subfield code="9">55006</subfield>
    <subfield code="a">LBB</subfield>
    <subfield code="b">LBB</subfield>
    <subfield code="c">B525</subfield>
    <subfield code="d">2016-10-31</subfield>
    <subfield code="o">VEM TEN 2015 B525 Or.6</subfield>
    <subfield code="p">A00406</subfield>
    <subfield code="r">2016-10-31</subfield>
    <subfield code="w">2016-10-31</subfield>
    <subfield code="y">VEM</subfield>
  </datafield>
  <datafield tag="952" ind1=" " ind2=" ">
    <subfield code="0">0</subfield>
    <subfield code="1">0</subfield>
    <subfield code="2">ddc</subfield>
    <subfield code="4">0</subfield>
    <subfield code="6">VEM_TEN_2015_000000000000000_B525_OR_7</subfield>
    <subfield code="7">0</subfield>
    <subfield code="9">55007</subfield>
    <subfield code="a">LBB</subfield>
    <subfield code="b">LBB</subfield>
    <subfield code="c">B525</subfield>
    <subfield code="d">2016-10-31</subfield>
    <subfield code="o">VEM TEN 2015 B525 Or.7</subfield>
    <subfield code="p">A00053</subfield>
    <subfield code="r">2016-10-31</subfield>
    <subfield code="w">2016-10-31</subfield>
    <subfield code="y">VEM</subfield>
  </datafield>
  <datafield tag="952" ind1=" " ind2=" ">
    <subfield code="0">0</subfield>
    <subfield code="1">0</subfield>
    <subfield code="2">ddc</subfield>
    <subfield code="4">0</subfield>
    <subfield code="6">VEM_TEN_2015_000000000000000_B525_OR_8</subfield>
    <subfield code="7">0</subfield>
    <subfield code="9">55008</subfield>
    <subfield code="a">LBB</subfield>
    <subfield code="b">LBB</subfield>
    <subfield code="c">B525</subfield>
    <subfield code="d">2016-10-31</subfield>
    <subfield code="l">1</subfield>
    <subfield code="o">VEM TEN 2015 B525 Or.8</subfield>
    <subfield code="p">A02624</subfield>
    <subfield code="r">2017-10-30</subfield>
    <subfield code="s">2017-10-28</subfield>
    <subfield code="w">2016-10-31</subfield>
    <subfield code="y">VEM</subfield>
  </datafield>
</record>
